000 004830000a22001930004500
001 001365
003 MACL
005 20150825161640.0
008 150825b xxu||||| |||| 00| 0 eng d
040 _aMACL
_cMACL
041 _aEnglish
082 _a712./ROY
100 _aRoy, S.N.
_97441
245 _aMagha Inscriptions in the Allahabad Museam
_cS.N. Roy
260 _aAllahabad
_c1999
_bRaka Prakashan,
350 _a275
650 _aMuseam Science
_97442
942 _k712
_cBK
_2ddc
999 _c1360
_d1360